Statistiken für Stadt zu Land #26

Klicken Sie hier um das Quiz zu spielen!

Allgemein

  • Dieses Quiz wurde 99 mal gespielt
  • Das Durchschnittsergebnis liegt bei 10 aus 15

Antwortstatistiken

StadtLand% Korrekt
LjubljanaSlowenien
96%
Tel AvivIsrael
93%
DonetskUkraine
84%
AlbanyVereinigte Staaten
84%
ManausBrasilien
78%
SucreBolivien
74%
LhasaChina
74%
DebrecenUngarn
68%
EspooFinnland
62%
KanazawaJapan
62%
DiliTimor Leste
60%
LimassolZypern
56%
ShirazIran
35%
KanoNigeria
30%
San Pedro SulaHonduras
22%

Verteilung der Resultate

Perzentil nach korrekt beantworteten Fragen

Anzahl Personen mit jedem Resultat

Ihre Resultats-Entwicklung

Sie haben dieses Quiz noch nicht gespielt